Movies Quiz

Random Movies or Actor Quiz

Movie by Two Actors Quiz Stats

Quiz Updated Aug 18, 2016

Challenge
Share
Tweet
Embed
Score 0/30 Timer 06:00
4 Plays Today
% Correct
Mr. and Mrs. Smith
96.2%
Men in Black
96%
Dumb and Dumber
94.7%
Pulp Fiction
94.6%
Back to the Future
94.4%
Indiana Jones and the Last Crusade
94.1%
The Shawshank Redemption
93%
Rush Hour
92.7%
Fight Club
92.4%
Thelma & Louise
90.9%
Lethal Weapon
90.9%
Wayne's World
89.7%
Step Brothers
89.7%
Ted
89.6%
21 Jump Street
89.6%
% Correct
Batman & Robin
88.9%
Django Unchained
87.8%
Butch Cassidy and the Sundance Kid
87.3%
Bridesmaids
87.2%
Starsky & Hutch
86.9%
Romy and Michele's High School Reunion
83.2%
Bend It Like Beckham
81.9%
Monsters, Inc.
80.9%
Hot Fuzz
79.1%
The Heat
78.6%
The Interview
78.3%
X-Men: First Class
76.9%
The Bounty Hunter
71.5%
The Runaways
71.3%
Due Date
70.5%

You're not logged in!

Compare scores with friends on all Sporcle quizzes.
Join for Free
OR
Log In

You Might Also Like...

Show Comments

Extras

Top Quizzes Today


Score Distribution

Your Account Isn't Verified!

In order to create a playlist on Sporcle, you need to verify the email address you used during registration. Go to your Sporcle Settings to finish the process.

Report this User

Report this user for behavior that violates our Community Guidelines.

Details: